| 000 | 00497nam a2200193Ia 4500 | ||
|---|---|---|---|
| 005 | 20140428095736.0 | ||
| 008 | 140130s9999 xx 000 0 und d | ||
| 020 | _a059045160x | ||
| 050 |
_aF 4.3 _b.M478 1992 |
||
| 100 |
_aMcGovern, Ann _95437 |
||
| 245 |
_cAnn McGovern. _aIf you lived in colonial times / |
||
| 260 |
_bScholastic, _c1992. _aUSA : |
||
| 300 |
_a80 p. : _bcol. ill. ; _c19 cm. |
||
| 440 |
_v1 _930966 |
||
| 521 | _aG3 | ||
| 526 | _c590 | ||
| 942 |
_cBK _2lcc |
||
| 999 |
_c40727 _d40727 |
||